Celebrazione liturgica della liberazione (La) (Record n. 102014)

Dettagli MARC
000 -LEADER
fixed length control field 01355njm a2200313Ia 4500
001 - CONTROL NUMBER
control field 27455
003 - CONTROL NUMBER IDENTIFIER
control field IT-RoPAU
005 - DATE AND TIME OF LATEST TRANSACTION
control field 20220918181150.0
008 - FIXED-LENGTH DATA ELEMENTS--GENERAL INFORMATION
fixed length control field 131025s9999 xx 000 0 und d
040 ## - CATALOGING SOURCE
Original cataloging agency IT-RoPAU
040 ## - CATALOGING SOURCE
Transcribing agency IT-RoPAU
041 ## - LANGUAGE CODE
Language code of text/sound track or separate title ITALIANO
999 ## - SYSTEM CONTROL NUMBERS (KOHA)
Koha Dewey Subclass [OBSOLETE] n.d.
100 ## - MAIN ENTRY--PERSONAL NAME
Personal name Capello Lorenzo
9 (RLIN) 18162
100 ## - MAIN ENTRY--PERSONAL NAME
Relator term Autore musica
9 (RLIN) 18163
100 ## - MAIN ENTRY--PERSONAL NAME
Miscellaneous information Codice autore musica SPICS: 13189
9 (RLIN) 18164
245 ## - TITLE STATEMENT
Title Celebrazione liturgica della liberazione (La)
250 ## - EDITION STATEMENT
Edition statement 1a ed.
260 ## - PUBLICATION, DISTRIBUTION, ETC. (IMPRINT)
Place of publication, distribution, etc. TORINO/LEUMANN
260 ## - PUBLICATION, DISTRIBUTION, ETC. (IMPRINT)
Name of publisher, distributor, etc. ELLE DI CI
Date of publication, distribution, etc. 1978 [1a Ed.:1978 - Ed. Lingua Orig.: 1978]
300 ## - PHYSICAL DESCRIPTION
Extent DISCO
300 ## - PHYSICAL DESCRIPTION
Dimensions 37 minuti (Testo: pag.)
500 ## - GENERAL NOTE
General note Musica religiosa, liturgica. Celebrazione eucaristica. Celebrazione della liberazione nel tempo della Chiesa
505 ## - FORMATTED CONTENTS NOTE
Formatted contents note La parola di Dio - Alleluia - Offertorio - Santo - Padre nostro - Agnello di Dio - Costruire la pace - La cena di Cristo - Il mistero della croce - Il giudizio di luce - L'acqua della salvezza - Cristo è risorto - Il soffio dello Spirito - Bambino Gesù - Creati per amare
650 ## - SUBJECT ADDED ENTRY--TOPICAL TERM
Topical term or geographic name as entry element LITURGICO [DISCHI]
Relator term Codice MATERIA SPICS: 9950
9 (RLIN) 966
700 ## - ADDED ENTRY--PERSONAL NAME
Personal name Roncari Angelo
Relator term Autore testo e musica
Miscellaneous information Codice autore testo/musica SPICS: 28317
9 (RLIN) 18165
700 ## - ADDED ENTRY--PERSONAL NAME
Personal name Rossi Giovanni Maria
Miscellaneous information Codice interprete SPICS: 11282
Relator term Interprete
9 (RLIN) 18166
942 ## - ADDED ENTRY ELEMENTS (KOHA)
Koha item type DISCHI
Source of classification or shelving scheme Dewey Decimal Classification
Dati di copia
Withdrawn status Lost status Damaged status Not for loan Home library Current library Date acquired Total Checkouts Full call number Date last seen Price effective from Koha item type Public note
    Buone Condizioni Not For Loan SPICS-MEDIATECA SPICS-MEDIATECA 25/10/2013   27455 25/10/2013 25/10/2013 DISCHI Progr. Ins.: 7012 / N.Vol.: 1 / Copie: 1 - Copia rara: n.d. / date import: 01.01.2014 - By Epidotti, Trombetti, Vaglietti
CREDITS: SOCIETA' SAN PAOLO Via A.Severo, 58 - ROMA (RM) & PERIODICI SAN PAOLO SRL Via Giotto, 36 MILANO & CISF Via Giotto, 36 MILANO & EDIZIONI SAN PAOLO SRL,  Piazza Soncino, 5 CINISELLO BALSAMO (MI) -- ITALY